Dynamika zmien vo vedomostnej spoločnosti vo vybraných sektoroch slovenskej ekonomiky

Enregistré dans:
Détails bibliographiques
Auteur principal: Bajzíková, Ľubica
Autres auteurs: Šajgalíková, Helena, Poláková, Michaela, Wojčák, Emil, Špirková, Daniela, Zemanovičová, Daniela
Format: Livre
Langue:slovaque
Publié: Bratislava Ofprint 2013
Édition:1. vyd.
Sujets:
Tags: Ajouter un tag
Pas de tags, Soyez le premier à ajouter un tag!

MARC

LEADER 00000nam a2200000 4500
001 0189056
005 20240502073210.3
020 |a 978-80-89037-41-4 
041 0 |a slo 
044 |a SK 
245 1 0 |a Dynamika zmien vo vedomostnej spoločnosti vo vybraných sektoroch slovenskej ekonomiky  |c Ľubica Bajzíková ... [et al.] ; recenzenti Daniela Špirková, Daniela Zemanovičová 
250 |a 1. vyd. 
264 1 |a Bratislava  |b Ofprint  |c 2013 
300 |a 141 s. [6,80 AH] 
610 2 0 |a stratégia hospodárska 
610 2 0 |a spoločnosť vedomostná 
610 2 0 |a inovácia 
610 2 0 |a rozvoj trvalo udržateľný 
610 2 0 |a Slovensko 
610 2 0 |a Európska únia 
610 2 0 |a konkurencieschopnosť 
100 1 |a Bajzíková, Ľubica 
700 1 |a Šajgalíková, Helena 
700 1 |a Poláková, Michaela 
700 1 |a Wojčák, Emil 
700 1 |a Špirková, Daniela 
700 1 |a Zemanovičová, Daniela